000 00594nam a2200253 a 4500
001 nice12345678
003 IN_TiNIC
005 20260116013140.0
008 050524s1979 lona grp 000 0 eng
020 _a
_c332.5
082 0 0 _a297.4
_bHAF
100 _aHafiz,
245 _aTeachings of Hafiz
260 _aLondon
_bOctagon Press
_c1979
300 _a186p
500 _aincludes index and biblioraphy
505 2 _aIndex
650 _aDiwan-E-Hafiz-English Translation
650 _aSufism-Persian
700 1 _aHafiz,
902 _bSRS
942 _cBK
999 _c9864
_d9864